Public telecommunications law

Đã lưu trong:
書目詳細資料
企業作者: International Affairs Bureau
格式: 圖書
語言:Undetermined
出版: Tokyo Nippon Telegraph & Telephone Public Corporation 1972
主題:
標簽: 添加標簽
沒有標簽, 成為第一個標記此記錄!
Thư viện lưu trữ: Trung tâm Học liệu Trường Đại học Cần Thơ
LEADER 00527nam a2200181Ia 4500
001 CTU_99779
008 210402s9999 xx 000 0 und d
082 |a 343 
082 |b I.61 
110 |a International Affairs Bureau 
245 0 |a Public telecommunications law 
245 0 |c International Affairs Bureau 
260 |a Tokyo 
260 |b Nippon Telegraph & Telephone Public Corporation 
260 |c 1972 
650 |a Telecommunication 
904 |i Hiếu 
980 |a Trung tâm Học liệu Trường Đại học Cần Thơ